Rutas de Campo : número 6, enero-febrero 2015 : De ires y venires : procesos migratorios en Guerrero /

I tiakina i:
Ngā taipitopito rārangi puna kōrero
Ētahi atu kaituhi: Prieto Hernández, Diego (dirección) (dirección)
Hōputu: Pukapuka
Reo:Pāniora
I whakaputaina: México : INAH, 2015
Rangatū:(Rutas de Campo ; 6)
Ngā marau:
Ngā Tūtohu: Tāpirihia he Tūtohu
Kāore He Tūtohu, Me noho koe te mea tuatahi ki te tūtohu i tēnei pūkete!

MARC

LEADER 00000nam^a2200000^a^4500
001 000631705
005 20260514000000.0
009 20260526154611.098
037 |a Acervo ITESO - Biblioteca 
041 |a ESP 
082 |a 300. 5  |b RUT V. 6 
240 1 1 |a [Rutas de Campo] 
245 0 0 |a Rutas de Campo :  |b número 6, enero-febrero 2015 : De ires y venires : procesos migratorios en Guerrero /  |c Dir. de D. Prieto Hernández. 
264 1 |a México :  |b INAH,  |c 2015 
300 |a 106 p. 
336 |a texto  |b txt  |2 rdacontenido 
337 |a sin mediación  |b n  |2 rdamedio 
338 |a volumen  |b nc  |2 rdasoporte 
440 1 |a (Rutas de Campo ;  |v 6) 
649 |a XX 
650 |a Antropología -  |x Publicaciones Periódicas -  |x Tema Principal 
650 |a Publicaciones Periódicas Mexicanas 
650 |a Publicaciones Periódicas 
700 |a Prieto Hernández, Diego  |e (dirección) 
910 |a Fondo Castillo-Martínez 
920 |a Impresos - Libros 
930 |a Fondos Especiales 
905 |a 127 
901 |a 631705-10  |b IT2  |c ESP  |i D125643  |u 20260514 
902 |a https://opac.biblio.iteso.mx/vufind/Record/000631705